| 000 | 00446 a2200133 4500 | ||
|---|---|---|---|
| 001 | 92218 | ||
| 082 | _aPR 2493 | ||
| 090 |
_c44178 _d44177 |
||
| 100 | _aAhsan Naveed, Qasim Qureshi and Afaq Ahmad; Prof Peof Farooq Bin Akram (Advisor) | ||
| 245 |
_aDesign, Fabricate and Fly an Unmanned Aerial Vehicle for National and International competitions _h78 "A" EC |
||
| 260 |
_aIslamabad _bNUST _c2015 |
||
| 300 | _a115p. | ||
| 500 | _aBE Project Report | ||
| 942 |
_aCAE NUST _kPR 2493 |
||
| 999 |
_c327291 _d327291 |
||